Anime/Manga - Mort subite - Statistiques

Statistiques générales
  • Ce quiz a été pris 593 fois
  • Le résultat moyen est 4 sur 20
Answers on the Grid
Answers color-coded by a green-red scale on the quiz's grid according to % correct below.
Barakamon
Bobobo-bo Bo-bobo
Bakuta
Charlotte
Cosmopolite
Code Breaker
Nisemonogatari
Nana
Norauto
Owarimonogatari
Owari no Yume
Orange
Kagemonogatari
Kaze no Yaiba
K
Tsukimonogatari
Tokyo Chronicle
The Big O
FOFA
FLCL
Farenheit
Is It Wrong to Try to Pick Up Girls in a Dungeon?
Panty & Stocking with Garterbelt
I accidentally confessed to a ghost, now she's my wife.
Paprika
Wasabi
Chocolat et Vanilla
Princesse Momoka
Mononoke
Princesse Mononoke
Mawaru Penguindrum
Penguin Highway
 
Statistiques - réponses
Réponse % Correct
Nana
63%
Charlotte
51%
Princesse Mononoke
49%
Orange
42%
Bobobo-bo Bo-bobo
27%
Barakamon
23%
Mononoke
23%
Chocolat et Vanilla
21%
Code Breaker
19%
Paprika
17%
Is It Wrong to Try to Pick Up Girls in a Dungeon?
15%
Nisemonogatari
10%
Owarimonogatari
10%
FLCL
9%
K
9%
Tsukimonogatari
7%
Panty & Stocking with Garterbelt
6%
Penguin Highway
5%
The Big O
3%
Mawaru Penguindrum
2%
Aucun quiz correspondant
Distribution des résultats
% des personnes avec chaque résultat
Percentile par nombre de réponses
Votre historique - résultats
Vous n’avez pas pris ce quiz